Направленное бурение. Лабораторный практикум: учебно-методическое пособие
| 1. autor: | |
|---|---|
| Korporacja: | |
| Kolejni autorzy: | , |
| Streszczenie: | Заглавие с титульного экрана Практикум содержит методические указания для выполнения лабораторных работ, которые предназначены для отработки и закрепления таких навыков, как построение профиля скважины, ориентирование отклонителей, ведение статистических исследований при выявлении закономерностей естественного искривления скважин. Предназначен для студентов вузов, обучающихся по направлениям 21.03.01 «Нефтегазовое дело» и 21.05.03 «Технология геологической разведки», а также может быть полезен аспирантам, научным работникам и специалистам производственных организаций, занятым решением технологических задач по направленному бурению скважин AM_TPU_network |
| Język: | rosyjski |
| Wydane: |
Томск, Изд-во ТПУ, 2024
|
| Hasła przedmiotowe: | |
| Dostęp online: | https://www.lib.tpu.ru/fulltext2/m/2024/m26.pdf |
| Format: | Elektroniczne Książka |
| KOHA link: | https://koha.lib.tpu.ru/cgi-bin/koha/opac-detail.pl?biblionumber=676691 |
MARC
| LEADER | 00000nam0a2200000 4500 | ||
|---|---|---|---|
| 001 | 676691 | ||
| 005 | 20241218110850.0 | ||
| 010 | |a 978-5-4387-1211-4 | ||
| 090 | |a 676691 | ||
| 100 | |a 20241118d2024 m||y0rusy50 ca | ||
| 101 | 0 | |a rus | |
| 102 | |a RU | ||
| 105 | |a a j 001yy | ||
| 135 | |a drcn ---uucaa | ||
| 181 | 0 | |a i |b e | |
| 182 | 0 | |a b | |
| 183 | 0 | |a cr |2 RDAcarrier | |
| 200 | 1 | |a Направленное бурение. Лабораторный практикум |e учебно-методическое пособие |f И. Б. Бондарчук, А. А. Бер, Н. М. Мних |g Национальный исследовательский Томский политехнический университет | |
| 203 | |a Текст |c электронный |b визуальный | ||
| 210 | |a Томск |d 2024 |c Изд-во ТПУ | ||
| 215 | |a 1 файл (5,0 MB, 80 с.) | ||
| 283 | |a online_resource |2 RDAcarrier | ||
| 300 | |a Заглавие с титульного экрана | ||
| 320 | |a Список литературы: с. 79 (9 назв.) | ||
| 330 | |a Практикум содержит методические указания для выполнения лабораторных работ, которые предназначены для отработки и закрепления таких навыков, как построение профиля скважины, ориентирование отклонителей, ведение статистических исследований при выявлении закономерностей естественного искривления скважин. Предназначен для студентов вузов, обучающихся по направлениям 21.03.01 «Нефтегазовое дело» и 21.05.03 «Технология геологической разведки», а также может быть полезен аспирантам, научным работникам и специалистам производственных организаций, занятым решением технологических задач по направленному бурению скважин | ||
| 371 | 0 | |a AM_TPU_network | |
| 606 | 1 | |a Направленное бурение |9 64122 | |
| 610 | 1 | |a скважины | |
| 610 | 1 | |a пространственное положение | |
| 610 | 1 | |a искривления | |
| 610 | 1 | |a проекции | |
| 610 | 1 | |a углы перекоса | |
| 610 | 1 | |a винтовые двигатели | |
| 610 | 1 | |a забойные двигатели | |
| 610 | 1 | |a отклонители | |
| 610 | 1 | |a лабораторные работы | |
| 610 | 1 | |a электронный ресурс | |
| 610 | 1 | |a учебные пособия | |
| 675 | |a 622.243.2(076.5) |v 4 | ||
| 700 | 1 | |a Бондарчук |b И. Б. |c геолог |c старший преподаватель Томского Политехнического университета |f 1981- |g Игорь Борисович |9 11649 | |
| 701 | 1 | |a Бер |b А. А. |c специалист в области нефтепромыслового оборудования |c старший преподаватель Томского политехнического университета |f 1960- |g Александр Андреевич |9 18720 | |
| 701 | 1 | |a Мних |b Н. М. |c физик |c доцент Томского политехнического университета, кандидат физико-математических наук |f 1960- |g Николай Михайлович |y Томск |7 ca |8 rus |9 88750 | |
| 712 | 0 | 2 | |a Национальный исследовательский Томский политехнический университет |c (2009- ) |9 26305 |4 570 |
| 801 | 0 | |a RU |b 63413507 |c 20240926 |g RCR | |
| 856 | 4 | 0 | |u https://www.lib.tpu.ru/fulltext2/m/2024/m26.pdf |z https://www.lib.tpu.ru/fulltext2/m/2024/m26.pdf |
| 942 | |c CF | ||